LEADER 03210nam0 2200481 i 450 001 BVEE019041 005 20170908093208.0 012 $auata diac e,he [Fst (3) 1575 (R)$2fei 100 $a20001006d1575 ||||0itac50 ba 101 | $alat$aita 102 $ait 181 1$6z01$ai $bxxxe 182 1$6z01$an 200 1 $a˜Il œTerentio latino, comentato in lingua toscana, e ridotto à la sua vera latinità, ... da Giouanni Fabrini da Fighine fiorentino. ... Nel fine è aggiunto la Interpretatione de la lingua uolgare, e latina; ... Soncisi vltimamente aggiunte dal medesimo autore l'osseruationi da esprimere tutte le parole, e concetti vulgari latinamente secondo l'uso di Terentio, ... 210 $aIn Vinegia$cappresso Giouambattista Sessa, e fratelli$d1575$eIn Vinegia$gappresso Giambattista Sessa & fratelli$h1574 215 $a[6], 438 p., 33, [1], 82 c.$d4º 300 $aL'Interpretatione della lingua volgare, e latina inizia a c. 2E7r 300 $aSeguono l'Osseruationi 300 $aMarca (Z587) sul front 300 $aCors. ; rom 300 $aSegn.: A-2T⁸ 2V² 300 $aIniziali e fregi xil 300 $aTesto entro cornice a doppio filetto. 316 $a1 v.; sul v. della c. di guardia anteriore: nota ms. di possesso (Luigi Coppola - o cavaliere Vico S. Vincenzo alla Sanità Napoli, n. 2).$5IT-NA0074, SM 5C 00067 316 $a1 v.; diverse note ms. sul front.$5IT-AV0045, CINQ 001. 0706 423 0$12001 $a˜LaœInterpretatione de la lingua volgare, e latina$1700 1$aFabrini$b, Giovanni$3RMLV019379$4070 423 0$12001 $a˜Ioannis Fabrini Ficinatis Florentini œObseruationum in Terentium liber.$1700 1$aFabrini$b, Giovanni$3RMLV019379$4070 500 10$aOpera.$3BVEE008932$9CFIV069531$91479444 620 $dVenezia$3SBLL003553 700 1$aTerentius Afer$b, Publius$3CFIV069531$4070$0439355 712 02$aSessa, Giovanni Battista$c <2.> & fratelli$3BVEV038516$4650 790 1$aTerentius$b, Publius Afer$3CAGV024322$zTerentius Afer, Publius 790 0$aTerenzio$3CFIV069532$zTerentius Afer, Publius 790 1$aTerenzio Afro$b, Publio$3CFIV069535$zTerentius Afer, Publius 801 3$aIT$bIT-NA0079$c20001006 850 $aIT-NA0074$aIT-AV0045 912 $aBVEE019041 921 $aBVEM000642$bGatta con topo in bocca, allatta un gattino. In basso un ovale con iniziali MS sotto la doppia croce. In cornice figurata. Motto: Imparibus dissidii satis.$cZ587$dSul front. 950 0$aBiblioteca Provinciale Laurenziana$b1 esemplare$c1 v.$d 91SM 5C 00067$e 91ANT0000003365 B 1 v.; sul v. della c. di guardia anteriore: nota ms. di possesso (Luigi Coppola - o cavaliere Vico S. Vincenzo alla Sanità Napoli, n. 2).$fZ $i20111010 950 0$aBiblioteca Statale di Montevergine$b1 esemplare$c1 v.; diverse note ms. sul front.$d MVCINQ 001. 0706$e MV 0000264205 C 1 v.; diverse note ms. sul front.$fZ $h20031213$i20031213 977 $a 91$a MV 996 $aOpera$91479444 997 $aUNISANNIO LEADER 01830nam 2200433 a 450 001 9910695340403321 005 20061016160241.0 035 $a(CKB)5470000002369348 035 $a(OCoLC)73175446 035 $a(EXLCZ)995470000002369348 100 $a20061016d2006 ua 0 101 0 $aeng 135 $aurmn|---||||| 181 $ctxt$2rdacontent 182 $cc$2rdamedia 183 $acr$2rdacarrier 200 10$aHuman capital$b[electronic resource] $etrends in executive and judicial pay : report to the Chairman, Subcommittee on the Federal Workforce and Agency Organization, Committee on Government Reform, House of Representatives 210 1$a[Washington, D.C.] :$cU.S. Government Accountability Office,$d[2006] 215 $aii, 43 pages $cdigital, PDF file 300 $aTitle from title screen (viewed on Oct. 10, 2006). 300 $a"June 2006." 300 $aPaper version available from: U.S. Government Accountability Office, 441 G St., NW, Rm. LM, Washington, D.C. 20548. 300 $a"GAO-06-708." 320 $aIncludes bibliographical references. 517 $aHuman capital 606 $aExecutives$xSalaries, etc$zUnited States 606 $aCourts$xOfficials and employees$xSalaries, etc$zUnited States 606 $aHuman capital$xGovernment policy$zUnited States 607 $aUnited States$xOfficials and employees$xSalaries, etc 615 0$aExecutives$xSalaries, etc. 615 0$aCourts$xOfficials and employees$xSalaries, etc. 615 0$aHuman capital$xGovernment policy 712 02$aUnited States.$bCongress.$bHouse.$bCommittee on Government Reform.$bSubcommittee on the Federal Workforce and Agency Organization. 801 0$bGPO 801 1$bGPO 906 $aBOOK 912 $a9910695340403321 996 $aHuman capital$91131333 997 $aUNINA